Online Catalogue and eLibrary

Ethical Issues in Journalism and the Media (Record no. 1120)

MARC details
000 -LEADER
fixed length control field 00535nam a2200217Ia 4500
005 - DATE AND TIME OF LATEST TRANSACTION
control field 20250319070930.0
008 - FIXED-LENGTH DATA ELEMENTS--GENERAL INFORMATION
fixed length control field 240331s9999 xx 000 0 und d
020 ## - INTERNATIONAL STANDARD BOOK NUMBER
ISBN 0415069270
082 ## - DDC Classification
Class No. 302.23
Item Number - Author Mark ETH
DDC Edition Number 2535
245 #0 - TITLE STATEMENT
Title Ethical Issues in Journalism and the Media
260 ## - PUBLICATION, DISTRIBUTION, ETC.
Place of publication, distribution, etc. London;
-- New York,
Name of publisher, distributor, etc. Routledge
Date of publication, distribution, etc. 1992
300 ## - PHYSICAL DESCRIPTION
Extent (e.g. Volumes, Pages etc.) xiii, 179 p.,
650 ## - SUBJECT ADDED ENTRY--TOPICAL TERM
Topical term or geographic name entry element Ethics
650 ## - SUBJECT ADDED ENTRY--TOPICAL TERM
Topical term or geographic name entry element Journalism
650 ## - SUBJECT ADDED ENTRY--TOPICAL TERM
Topical term or geographic name entry element Politics
650 ## - SUBJECT ADDED ENTRY--TOPICAL TERM
Topical term or geographic name entry element Women
650 ## - SUBJECT ADDED ENTRY--TOPICAL TERM
Topical term or geographic name entry element Media
700 ## - ADDED ENTRY--PERSONAL NAME
Personal name Besley, A
Relator term (Role) Editor
700 ## - ADDED ENTRY--PERSONAL NAME
Personal name Chadwick
Relator term (Role) Editor
942 ## - Koha item type (Biblio)
Koha item type Books in Stacks (Lending)
Holdings
Lost status Damaged status Collection code Home library Current library Shelving location Date acquired Full call number Accession Number Item type
    Lending WERC Library WERC Library Social Science Cupboard 03/31/2024 302.23 ETH 2535 Books in Stacks (Lending)

© WERC Library